00418nam a2200157Ia 4500001000500000005001700005008004100022041000800063082001500071100003600086245008500122260000900207300002800216650000800244654000800252209920260306143817.0260306t2017||||xx |||||||||||||| ||spa|| aESP a612.8bM26 aMarino Dávalos, JuliáneAUT 0aNeuropsicología cognitiva tractográfica:btécnicas, capacidades y procesos c2017 a215 páginas :c23 cm. aGEN aCPS